00357 2200145 4500001002100000005001500021035002000036245003900056300001900095260003300114082000800147084001200155020001800167990002600185INLIS00000000000093020260327014808 a0010-0326000041 aKiai Hologram /cEmha Ainun Nadjib a288 ;c20,5 cm aYogyakarta :bBentang,c2018 a171 a171 KIA a9786022914686 a2020/SMKMIRI/2555/001